[Event "Skopje op 18th"]
[Site "Skopje"]
[Date "2002.01.17"]
[Round "3"]
[White "Georgiev, Kiril"]
[Black "Mitkov, Nikola"]
[Result "1-0"]
[WhiteElo "2655"]
[BlackElo "2492"]
[Annotator "Georgiev,Ki"]
[PlyCount "177"]
[EventDate "2002.01.15"]
[EventType "swiss"]
[EventRounds "9"]
[EventCountry "MKD"]
[SourceTitle "CBM 088"]
[Source "ChessBase"]
[SourceDate "2002.03.21"]
[SourceVersion "1"]
[SourceVersionDate "2002.03.21"]
[SourceQuality "1"]

1. d4 Nf6 2. c4 e6 3. Nf3 d5 4. g3 Bb4+ 5. Bd2 Be7 6. Bg2 c6 7. Qc2 b6 8. O-O
Ba6 9. b3 {Rabinovich,A: White's results are not too shining in this line.
Black usually equalizes easily and even gets good chances for better game.}
Nbd7 10. Rd1 Rc8 11. Bf4 O-O 12. Nc3 Nh5 {Rabinovich,A: Adams in the first
round in the same tournament played against Kramnik the same variation,but
here instead of the move in the game,he played c5.He got worse position with
isolated d-pawn and slowly Kramnik used this fact and won.Adams expirements
new idea,which after his next move looks like black is ready for draw.Van Wely
decides to play by entering really harmless line for black.} 13. Bc1 Nhf6 14.
e4 dxc4 15. Nd2 b5 (15... cxb3 {Rabinovich,A} 16. axb3 Nb8 $44 {It will be not
easy for black to consolidate his pieces.}) 16. bxc4 bxc4 17. Na4 $146 (17. Qa4
$6 {Rabinovich,A} Bb5 18. Qc2 {White realizes that he got nothing,but a pawn
less and ready for draw,but black already with extra pawn has better position.}
Qa5 {0-1 Van Wely,L-Adams,M/Wijk aan Zee 2001/CBM 81/[Rabinovich,A] (49)})
17... c5 (17... Nb6 18. Nxb6 axb6 19. Nxc4 $14) 18. d5 exd5 19. exd5 Ne5 (19...
Nb6 20. Nxb6 axb6 21. Nxc4 $14) 20. Bb2 (20. Nf1 $44 {/\ Ne3}) 20... Bd6 (20...
Nd3 21. Nxc4 Bxc4 22. Qxc4 Nxb2 23. Nxb2 Bd6 24. Nd3 $14 {/\Rab1}) 21. Rab1 $6
(21. Bc3 $142 $44 {/\Rab1}) 21... c3 $1 22. Qxc3 Qd7 $6 (22... Bb5 $1 23. f4
Neg4 $1 24. h3 Bxa4 25. hxg4 Bxd1 26. Rxd1 Ne8 27. Re1 $15) 23. Qa5 $1 $14 Bd3
(23... Be2 24. Re1 $1 Bc7 25. Qxa7 Ra8 26. Nxc5 Qd8 27. Qb7 Rb8 28. Rxe2 $1
Rxb7 29. Nxb7 $18) 24. Bxe5 Bxb1 25. Bxd6 Bc2 26. Bxf8 Bxd1 27. Nc3 Kxf8 28.
Nxd1 Nxd5 29. Nb2 Nb4 30. Ndc4 g6 31. a3 $6 (31. h4 $14) 31... Nc2 32. h3 Nd4
33. Ne3 $6 $138 Qb5 $1 $11 34. Qd2 Rd8 35. Nd5 Kg7 36. Kh2 Qb3 37. Qc3 (37. Qg5
Nf3+ $1 38. Bxf3 Qxf3 39. Qxd8 Qxf2+ $11) 37... Qxc3 38. Nxc3 Nc2 39. a4 Rd4
40. Bf1 $6 {[#]} (40. g4) 40... Nb4 $6 (40... Ne3 $1 41. fxe3 Rd2+ 42. Kg1 Rxb2
$15) 41. Kg2 f5 42. Kf3 Rd2 43. Nc4 Rc2 44. Nb5 Nc6 45. Ke3 Ra2 46. Nc3 Rc2 47.
Nd1 Nb4 48. h4 Nd5+ 49. Kf3 Kf6 50. Bd3 Ra2 51. Ndb2 Nb4 52. Ke3 Nd5+ (52...
Nxd3 53. Kxd3 $11) 53. Kd2 Nb6 54. Bc2 Nxc4+ 55. Nxc4 Ra1 56. Na5 Rf1 57. Ke2
Rc1 58. Bb3 Rb1 59. Kd3 Rf1 60. Ke2 Rb1 61. Bc2 Rc1 62. Bd1 Rb1 63. Kd2 h6 64.
Nc6 a6 $6 (64... Rb7 $142 $11) 65. Bc2 Rf1 66. Ke2 Rc1 67. Bd1 Rb1 68. Kd2 g5 (
68... Ke6 $11) 69. hxg5+ hxg5 70. f3 Ke6 71. Na5 Ke5 72. Nc4+ Kd4 $2 (72... Ke6
$142) 73. Ne3 f4 $2 (73... Rb2+ $142) 74. gxf4 gxf4 75. Nc2+ Kd5 76. Be2 Rb6
77. Kc3 a5 78. Bd3 $18 Rb8 79. Be4+ Ke6 80. Na3 Rb4 81. Bc2 Rb8 82. Nc4 Ra8 83.
Be4 Ra7 84. Nd2 Kd6 85. Kc4 Rc7 86. Nb3 Ra7 87. Kb5 Re7 88. Nxa5 Re8 89. Nc4+
1-0

[Event "Dortmund Gr-B"]
[Site "Dortmund"]
[Date "2004.07.23"]
[Round "2"]
[White "Kramnik, Vladimir"]
[Black "Leko, Peter"]
[Result "1/2-1/2"]
[WhiteElo "2770"]
[BlackElo "2741"]
[Annotator "Gershon,A"]
[PlyCount "59"]
[EventDate "2004.07.22"]
[EventType "tourn"]
[EventRounds "6"]
[EventCountry "GER"]
[EventCategory "18"]
[SourceTitle "CBM 102"]
[Source "ChessBase"]
[SourceDate "2004.09.23"]
[SourceVersion "1"]
[SourceVersionDate "2004.09.23"]
[SourceQuality "1"]

1. d4 Nf6 2. c4 e6 3. Nf3 b6 4. g3 Ba6 5. b3 Bb4+ 6. Bd2 Be7 7. Bg2 c6 8. Bc3
d5 9. Ne5 Nfd7 10. Nxd7 Nxd7 11. Nd2 O-O 12. O-O Nf6 13. e4 b5 14. exd5 {
A new breeze in a well known position. Leko, however, proves this to be not
dangerous.} (14. Re1 dxe4 15. Qc2 {has been tested many times before, but
black does not experience any problems here.}) 14... exd5 15. Re1 {White's
idea is that he deprived black of the simplifying idea: dxe4, and wants to
exploit his spatial advantage.} Rb8 16. c5 Bc8 $1 {The bishop has nothing more
to do on 'a6', and is transferred to the K's side.} (16... b4 {is pseudo
active, enabling white to open lines on the Q side in the future} 17. Bb2 {
[%cal Ga2a3]}) 17. Nf3 Ne4 18. Ne5 {the only way to fight for initiative.} (18.
Bb2 f6 $11) 18... Nxc3 19. Qd3 Qc7 (19... Ne4 20. Nxc6 Qc7 21. Nxb8 Qxb8 22.
Bxe4 dxe4 23. Qxe4 {[%csl Gc5,Gd4] White pawns, supported by the rooks would
be very difficult to cope with here.}) 20. Qxc3 Re8 {Whtie has some visual
advantage, due to a bit more space, however, Black easily throws back White
pieces, and equalizes.} 21. a4 ({In their later game of the tournament (Blitz,
in the tiebreaks), Kramnik played:} 21. b4 {followed by a draw offer, which
was accepted.}) 21... b4 {not allowing the opening of an 'a' file.} 22. Qf3 Bf8
(22... f6 $143 $2 23. Qh5 $1 g6 (23... Bb7 24. Qf7+ Kh8 25. Ng6+ hxg6 26. Re3 {
[%cal Ga1e1,Gg3g4] In order to prevent mate, Black is forced to give back a
piece, leaving White with a strategically won position.} Rf8 27. Qxe7 Qxe7 28.
Rxe7 $16 {[%csl Rb7]}) 24. Nxg6 hxg6 25. Qxg6+ Kf8 26. Bf3 {[%cal Gf3h5] and
Black has no defence from Bh5}) 23. Re3 f6 {before White builds up pressure
along the 'e' file, it's time to swap some pieces.} 24. Nd3 (24. Qh5 {does not
work now} g6 25. Nxg6 Rxe3 26. fxe3 hxg6 27. Qxg6+ Qg7 $17) 24... Rxe3 25. fxe3
a5 $1 {The last finesse, not allowing white to fixate a weakness on b4} 26. e4
Be6 27. Qf4 (27. Nf4 dxe4 28. Nxe6 (28. Qxe4 Bxb3 29. Qxc6 Qxc6 30. Bxc6 Rd8 {
White loses one of his pawns by force now} 31. Rb1 Bf7 32. Ne2 Bc4 33. Kf2 Bxe2
34. Kxe2 Rxd4 $17)) 27... Qd8 28. e5 Rb7 29. exf6 Qxf6 30. Qxf6 {Neither side
can win here.} 1/2-1/2

[Event "FIDE-Wch k.o."]
[Site "Tripoli"]
[Date "2004.06.19"]
[Round "1.1"]
[White "Adianto, Utut"]
[Black "Alekseev, Evgeny V"]
[Result "1/2-1/2"]
[WhiteElo "2591"]
[BlackElo "2616"]
[Annotator "Gershon,A"]
[PlyCount "70"]
[EventDate "2004.06.19"]
[EventType "k.o."]
[EventRounds "7"]
[EventCountry "LBY"]
[SourceTitle "CBM 102"]
[Source "ChessBase"]
[SourceDate "2004.09.23"]
[SourceVersion "1"]
[SourceVersionDate "2004.09.23"]
[SourceQuality "1"]

1. d4 Nf6 2. c4 e6 3. Nf3 b6 4. g3 Ba6 5. Nbd2 c5 {in the last couple of years
this move somewhat lost its popularity to} (5... d5 {which has been thoroughly
examined on highest levels.}) 6. e4 cxd4 7. e5 Ng4 8. h3 Nh6 9. Bg2 Nc6 10. O-O
Nf5 {The key position for this line. White has two basic approaches here: 1.
Try and improve one's position slowly: gain space on Q-side (with a3-b4),
protect the 'e' pawn (Qe1), complete development (Bb2, Nb3). 2. Enter forced
lines with g3-g4 (now, or after a3-b4). It seems, however, that black achieves
decent play in both.} 11. a3 Be7 12. b4 Bb7 13. Nb3 (13. g4 Nh4 14. Nxh4 Bxh4
15. Ne4 Be7 16. Bg5 O-O 17. Bxe7 Nxe7 18. Qxd4 Bxe4 19. Bxe4 Rc8 20. f4 Qc7 21.
Rac1 f5 22. exf6 Rxf6 23. c5 Rcf8 24. Qd6 Qxd6 25. cxd6 Nd5 $11 {1/2-1/2
Tregubov,P-Gershon,A/Ohrid 2001/CBM 84 (40)}) 13... Rc8 (13... Qc7 14. Bf4 $6 (
14. Re1) 14... h6 $1 {Underlining the drawback of white's last move} 15. g4 Nh4
16. Nxh4 Bxh4 17. b5 Ne7 18. Qxd4 Bxg2 19. Kxg2 Ng6 20. Bh2 Qb7+ 21. f3 O-O $15
{0-1 Goldin,A-Dokhoian,Y/Klaipeda 1988/CBM 11 (44)}) 14. Bb2 Qc7 15. Re1 {
Each side is trying to place his pieces on optimal positions. Whereas white
has some space advantage, it will most likely be minimized by the massive
exchanges connected to winning back the 'd4' pawn.} O-O 16. Rc1 (16. Nbxd4
Ncxd4 17. Nxd4 Nxd4 18. Bxb7 Qxb7 19. Qxd4 Rc7 {[%csl Rc4,Rd7] with an equal
position, where black, to my taste, even has slightly better chances, because
his weakness is easier to protect that white's, and white has additional
weaknesses (e.g. the b4 pawn, after a7-a5)}) 16... a5 $1 17. b5 {[%csl Rb5,Rc4]
Black was able to fixate white's Q side pawns, and gained an important square
on 'c5' for his pieces in the future.} (17. g4 Nh4 18. Nxh4 Bxh4 19. Nxd4 Nxd4
20. Bxd4 Bxg2 21. Kxg2 f6 $36) 17... Nd8 18. a4 {or else, black would play a4
himself. But now, black gets an easy game for his pieces.} Bb4 19. Re2 Bxf3 {
Freeing the square for his knight.} 20. Bxf3 Nb7 21. Be4 $1 {[%cal Ge4f5,Ge4b7]
White has to act fast, before black finished regrouping.} Ne7 22. Nxd4 Rfd8 (
22... Nc5 $143 23. Bb1 Rfd8 24. Qc2 $14) 23. Nf3 Ng6 24. h4 d6 25. Qc2 Nf8 (
25... dxe5 26. Nxe5 Nxe5 27. Bxe5 $18) 26. exd6 Bxd6 27. Ng5 $5 {Forcing black
to weaken his K side with h7-h6.} (27. Ne5 Bxe5 28. Bxe5 Qe7 29. Bc6 Nc5 $11) (
27. Nd4 Bc5 28. Nc6 Qxg3+ 29. Kf1 Qh3+ 30. Bg2 Qxh4 31. Nxd8 Nxd8 {[%cal Gf8g6,
Gg6f4] and black has a very strong compensation for the exchange.}) 27... h6
28. Bxb7 Qxb7 29. Ne4 Bb4 (29... Be7 30. Qc3 f6 31. Ba3 $1 $11) 30. Bxg7 {
This leads to a forced draw.} (30. Ba1 {an attempt to play for advantage
doesn't work:} Nd7 (30... Qc7 31. Qb2 f6 32. Nxf6+ gxf6 33. Qxf6 Qe7 34. Qh8+
Kf7 35. Qxh6 $16) 31. Qb2 f6 $15 {Black is very solid, whereas white has
stratigical weaknesses.}) 30... Kxg7 31. Qb2+ f6 32. Nxf6 Qf7 $8 (32... Bc5 33.
Re4 Kf7 34. Rf4 Ke7 (34... Ng6 35. Nh5+ $1 Kg8 (35... Nxf4 36. Qg7+ Ke8 37.
Nf6#) 36. Rg4 Kh7 37. Nf6+ $18) 35. Nh7 $1 $18 {[%csl Rb7][%cal Gb2g7]}) 33.
Nd7+ Kh7 34. Nf6+ Kg7 (34... Kg6 35. h5+ Kg7 36. Nd7+ $11) 35. Nd7+ Kh7 1/2-1/2

[Event "Dortmund SuperGM 33rd"]
[Site "Dortmund"]
[Date "2005.07.15"]
[Round "7"]
[White "Bacrot, Etienne"]
[Black "Adams, Michael"]
[Result "1-0"]
[WhiteElo "2729"]
[BlackElo "2719"]
[Annotator "Gershon,A"]
[PlyCount "105"]
[EventDate "2005.07.07"]
[EventType "tourn"]
[EventRounds "9"]
[EventCountry "GER"]
[EventCategory "19"]
[SourceTitle "CBM 108"]
[Source "ChessBase"]
[SourceDate "2005.09.26"]
[SourceVersion "1"]
[SourceVersionDate "2005.09.26"]
[SourceQuality "1"]

1. d4 Nf6 2. c4 e6 3. Nf3 b6 4. g3 Ba6 5. b3 Bb4+ 6. Bd2 Be7 7. Bg2 c6 8. Bc3
d5 9. Ne5 Nfd7 10. Nxd7 Nxd7 11. Nd2 O-O 12. O-O Rc8 13. e4 b5 14. Re1 dxe4 15.
Bxe4 bxc4 16. bxc4 (16. Nxc4 {was tried here by Anand, being admitted as a
mistake after the game:} Nb6 17. Nxb6 axb6 18. Qc2 h6 19. a4 Qc7 20. Red1 Rfd8
21. Rac1 Qa7 22. Bb2 b5 23. Ra1 bxa4 24. bxa4 Bf6 25. Qd2 c5 $17 {0-1 Anand,
V-Adams,M/Linares ESP 2005/The Week in Chess 540 (52)}) 16... c5 17. d5 exd5
18. Bxd5 Nb6 19. Ba5 Bf6 {White is marginally better here, due to slightly
more pieces, which, however, should be easily neutralized by a player in
Mickey's calliber.} ({after} 19... Rb8 20. Qf3 Qd6 {a draw was agreed in Wells,
P-Lautier,J/Austria 1999/EXT 2000}) 20. Rb1 Rb8 21. Qf3 Qd7 22. Bxb6 axb6 23.
Ne4 Bd4 24. Qf4 h6 (24... b5 {would allow white to build up an unpleasant
pressure over black king's position after} 25. Ng5 b4 26. Qe4 g6 27. Qh4 h5 28.
Re6 $1 Bxf2+ $1 {(it's fritz's line, I admit)} 29. Kg2 fxe6 30. Bxe6+ Qxe6 31.
Nxe6 Bb7+ 32. Kh3 Bc8 (32... Rf7 {loses on the spot to} 33. Rd1 Bd4 34. Qg5 Be4
35. Nxd4 cxd4 36. Rxd4 $18) 33. Qe7 Bxe6+ 34. Qxe6+ Kg7 35. Rf1 {and white
will probably win this.}) 25. a4 Rbe8 ({the line} 25... Qxa4 $5 26. Nd6 Qc2 27.
Rbc1 Qb2 28. Nxf7 {is a bit scary for a human to play, but the machine defends
easily with} Bb7 29. Nxh6+ Kh7 30. Nf7 (30. Qe4+ Kh8 31. Ng4 (31. Bxb7 Rxf2 $19
) 31... Bxf2+ 32. Nxf2 Qxf2+ 33. Kh1 Bxd5 34. Qxd5 Rf5 {with an equality})
30... Bxd5 31. cxd5 Bxf2+ 32. Qxf2 Qxf2+ 33. Kxf2 Rxf7+ {and black is even
better}) 26. Rxb6 Qxa4 $1 27. Reb1 (27. Bc6 Qa5 {[%cal Ga5e1,Ga5b6]} 28. Reb1
Re5 {is dead equal}) 27... Bxc4 28. Bc6 Qa5 29. Bxe8 Rxe8 {The bishop pair,
along with a dangerous 'c' passer are sufficient compensation for the exchange
here.} 30. h4 Be5 $4 {But this is a bad blunder, showing that Adams was way
off his best shape in this game.} ({After a solid} 30... Be6 {black has little
to worry about}) 31. Nf6+ $1 {Without the light squared bishop black loses a
very big part of his solidity.} Bxf6 32. Qxc4 {[%csl Rf7]} (32. Rb8 $1 {
was even stronger, forcing another favourable exchange for white, and forcing
black remaining pieces to very awkward positions.} Rf8 33. Rxf8+ Kxf8 34. Rb8+
Bd8 35. Qxc4) 32... Qc3 33. Qxc3 Bxc3 34. Rb8 Kf8 35. h5 $1 {An important
finesse, blocking black's K side paws from moving.} Rxb8 36. Rxb8+ Ke7 37. Kf1
Kf6 38. Rb7 {"Where do you think you're going?". The remaining phase of the
game was conducted by Etienne with great precision.} Bd4 (38... Kg5 39. Rxf7
Kxh5 40. Rf5+ $18) 39. Ke2 Kg5 40. Rxf7 Kxh5 41. Kf3 Kg6 42. Rf8 Kg5 43. g4 Bf6
44. Kg3 {Black's 'c' pawn plays no role in this position, whereas the rook is
much better that the bishop, as surprising as it may sound.} Kg6 45. f4 h5 (
45... c4 46. Rc8 c3 47. Rc7 $1 Kh7 48. Kf3 Kg6 49. Ke4 {and black is in
zugzwang:} Kh7 50. Kf5 $18 {etc}) 46. g5 Be7 47. Re8 Kf7 48. Rc8 Ke6 49. Kf3
Bd6 50. Ke4 {black has two passers, but it's white's "f" one that will decide
the game.} g6 51. Rh8 Be7 52. Rh6 Kf7 53. Rh7+ {After 53...Kf8 white wins
easily with 54.Ke5-e6.} 1-0

[Event "Moscow Aeroflot op"]
[Site "Moscow"]
[Date "2002.02.05"]
[Round "1"]
[White "Psakhis, Lev"]
[Black "Pogorelov, Ruslan"]
[Result "1/2-1/2"]
[WhiteElo "2572"]
[BlackElo "2460"]
[Annotator "Gershon,A"]
[PlyCount "50"]
[EventDate "2002.02.04"]
[EventType "swiss"]
[EventRounds "9"]
[EventCountry "RUS"]
[SourceTitle "CBM 088"]
[Source "ChessBase"]
[SourceDate "2002.03.21"]
[SourceVersion "1"]
[SourceVersionDate "2002.03.21"]
[SourceQuality "1"]

1. d4 Nf6 2. c4 e6 3. Nf3 b6 4. g3 Ba6 5. b3 Bb4+ 6. Bd2 Be7 7. Bg2 c6 8. Bc3
d5 9. Nbd2 Nbd7 10. O-O O-O 11. Re1 Bb7 (11... c5 12. e4 dxc4 (12... dxe4 13.
Nxe4 {Another good alternative is} Nxe4 14. Rxe4 Bb7 15. Re3 Bf6 16. dxc5 Nxc5
17. Ne5 Bxg2 18. Kxg2 Qc7 19. Qf3 Rad8 $11 {Karpov,A-Anand,V/Siemens Giants
1999}) 13. Nxc4 {is sharper.}) 12. e4 dxe4 13. Nxe4 c5 14. Ned2 (14. Nfg5 cxd4
(14... Qc7 $5 15. Nxf6+ (15. d5 $2 exd5 16. Nxf6+ Bxf6 17. Bxf6 Nxf6 18. cxd5
Rad8 {and d5 falls.}) 15... Bxf6 {The theoretical continuation.} (15... Nxf6 $6
16. dxc5 Bxg2 17. Qc2 g6 18. Kxg2 Qxc5 19. Ne4 Qc6 20. f3 Nxe4 21. Qxe4 Qxe4
22. fxe4 $14) 16. Bxb7 Qxb7 17. Ne4 Bxd4 18. Bxd4 cxd4 19. Qxd4 Rad8 20. Rad1
Qc7 21. Qd6 Qxd6 22. Rxd6 $6 {1/2-1/2 Atalik,S-Lautier,J/Ohrid 2001/CBM 84/
[Atalik] (66)} (22. Nxd6 $142) 22... Nc5 $11) 15. Bxd4 Qc7 16. Nxf6+ Bxf6 17.
Bxb7 Qxb7 18. Ne4 Be7 $1 19. Qf3 Rab8 20. Qh5 e5 21. Bb2 f6 22. Rad1 {1/2-1/2
Ivanchuk,V-Ljubojevic,L/Tilburg 1989}) 14... cxd4 {Progorelov decides to be
the first to clarify the things in the center.} (14... Re8 15. Qe2 Qc7 16. Rad1
Rad8 17. dxc5 Bxc5 18. Ng5 Bxg2 19. Kxg2 h6 20. Nge4 Be7 21. f4 Nxe4 22. Nxe4 (
22. Qxe4 Bf6 $11) 22... f5 23. Nf2 (23. Nd2 Bf6 24. Bxf6 Nxf6 25. Nf3 Ne4 26.
Qe3 Rxd1 27. Rxd1 Rd8 $11) 23... Bf6 {1/2-1/2 Kramnik,V-Polgar,J/Wijk aan Zee
2000/CBM 75/[Finkel,A] (31). (30)}) (14... Rc8 15. Qe2 cxd4 16. Nxd4 Bxg2 17.
Kxg2 Qc7 18. Kg1 Rfe8 19. Rad1 a6 20. N4f3 Qb7 $11 {Levitina,I-Maric,A/
Shanghai ctW 1992}) (14... a6 $6 15. Qe2 cxd4 16. Nxd4 Bxg2 17. Kxg2 Qc7 18.
N2f3 Qb7 19. b4 Rfc8 20. Rac1 Bf8 21. Kg1 $14 {[%csl Rd7] Kasparov,G-Ivanchuk,
V/Tilburg 1989}) 15. Nxd4 Bxg2 16. Kxg2 Qc7 {Black's position is super solid.
White's plus is a slightly more active pieces.} 17. b4 {Qb7 and Nc5 was
black's plan. Now white has to worry about his c4 pawn.} Rfd8 18. Qe2 Rac8 19.
Rac1 Nb8 $1 {freeing d7 for other pieces (Rook, knight).} (19... a5 {[%csl Rb5]
} 20. a3 {would play into white's hands.}) 20. a3 Rd7 21. N2f3 Qb7 22. Kg1 Rdd8
{[%cal Gf6d7,Ge7f6] preparing Nfd7, Bf6 after which the position is equal.} 23.
Ne5 Nfd7 24. Ndf3 Nxe5 25. Nxe5 Bd6 {Once again, the line has proven to be
very drawish.} 1/2-1/2